000
00371nam a22001097a 4500
082
_a
920/AJN
100
_a
अज्ञेय
245
_a
शेखर एक जीवनी पहला भाग -उत्थान
260
_a
नई दिल्ली
_b
राजकमल पेपरबैक्स
_c
2025
650
_a
जीवनी
942
_c
HIN
999
_c
68370
_d
68370